000 00395nam a22001457a 4500
999 _c523932
_d523932
003 NUST
038 _awaseem
082 _a378.5491
_bHUS
100 _aHussain, Syed Sultan Mahmood
_914560
245 _a100 Years of Dyal Singh College Lahore 1910-2010 /
_cSyed Sultan Mahmood Hussain
260 _aLahore :
_bIzharsons,
_c2010.
300 _a639 p. ;
500 _aHardcover.
942 _2ddc
_cBK